000 00559nam a22001817a 4500
005 20150714114814.0
010 _aENG-113284
020 _c295.00
_a9788120351127
035 _aEN-96816
037 _bDBAD/PUB
082 _a153.9
100 _aAwad, Elias M.
245 _aThe stupidity of intelligence :
_cby Elias M. Awad
_bwhat happened to common sense? /
260 _aDelhi
_bPHI Learning
_c2015
270 _a111 Patparganj Industrial Estate,
_bDelhi
_e110092
300 _axi,194p.
_c24cm(pbk)
942 _2ddc
_cEN
_mAWA
_h153.9
999 _c94199
_d94199